00344nam a2200109Ia 4500008004100000082000800041100001900049245005000068942000600118952009500124999001500219240331s9999 xx 000 0 und d bSEN aSenthivel, S.K 0aKailasapathyin samooga nokum pangalippum :b- cL 001040708LaWERCLbWERCLcSSCd2024-03-31l0o 920 SENp3223r2024-03-31w2024-03-31yL c4281d4281